000 00472nam a22001217a 4500
040 _cHS
082 _a631
100 _aត្រាន ថាន់កាញ់
245 _aធរណីវិទ្យាអនុវត្តន៍នៅតំបន់ក្តៅសើមនិងនៅកម្ពុជា Pedologie appliquee en regionstropicales et au cambodge
260 _aPhnom Penh
_bត្រាន ថាន់កាញ់
_c1992
300 _a65p;
942 _cKB
999 _c9093
_d9093